[Event "Open de Louviers"]
[Site "Louviers"]
[Date "2004.05.31"]
[Round "6"]
[White "Duc, Marie-Christine"]
[Black "Gaebel, Cedric"]
[Result "0-1"]
[WhiteElo "1480"]
[BlackElo "1300"]
[PlyCount "64"]

1. d4 d5 2. c4 e6 3. Nc3 Nf6 4. Nf3 Nc6 5. Bg5 Be7 6. e3 h6 7. Bf4 Bd7 8. Bd3
Bb4 9. Qc2 Bxc3+ 10. Qxc3 Ne4 11. Qc2 Nb4 12. Qb3 dxc4 13. Qxc4 Nxd3+ 14. Qxd3
Nd6 15. O-O Bb5 16. Qc2 Bxf1 17. Kxf1 Qd7 18. Rc1 Qc6 19. Qxc6+ bxc6 20. Bxd6
cxd6 21. Rxc6 Rd8 22. Rc7 Rd7 23. Rxd7 Kxd7 24. Ke2 Ke7 25. Nd2 Rb8 26. b3 Rc8
27. Kd3 Rc1 28. Nc4 d5 29. Ne5 f6 30. Kd2 Ra1 31. Nc6+ Kd6 32. Nxa7 Rxa2+ 0-1

[Event "Open de Louviers"]
[Site "Louviers"]
[Date "2004.05.31"]
[Round "6"]
[White "Pizzo, Simon"]
[Black "Medghoul, Bilal"]
[Result "1-0"]
[WhiteElo "1440"]
[BlackElo "1280"]
[PlyCount "69"]

1. e4 e5 2. Nf3 Nc6 3. Bb5 d6 4. O-O Bd7 5. c3 g6 6. d4 Bg7 7. d5 Nce7 8. Bxd7+
Qxd7 9. c4 Nf6 10. Nc3 O-O 11. h3 a5 12. Qc2 c6 13. Be3 Rfb8 14. Na4 Qc7 15.
Bb6 Qc8 16. Be3 Qc7 17. Rab1 cxd5 18. Nb6 Ra6 19. Nxd5 Nexd5 20. exd5 Nxd5 21.
b3 Nxe3 22. fxe3 Qc5 23. Qf2 Bh6 24. Rbe1 Rd8 25. Nd2 d5 26. Qxf7+ Kh8 27. Qxb7
Bxe3+ 28. Kh1 Bxd2 29. Qxa6 Bxe1 30. Qf6+ Kg8 31. Qxd8+ Kg7 32. Qf6+ Kg8 33.
Rxe1 dxc4 34. Rxe5 Qb4 35. Re8+ 1-0

[Event "Open de Louviers"]
[Site "Louviers"]
[Date "2004.05.31"]
[Round "6"]
[White "Vine, Romain"]
[Black "Lambard, Charles-Antoine"]
[Result "1-0"]
[WhiteElo "1430"]
[BlackElo "1199"]
[PlyCount "25"]

1. e4 e5 2. Nf3 Nf6 3. Nc3 Nc6 4. Bc4 Bc5 5. d3 O-O 6. Bg5 d6 7. Nd5 Be6 8.
Nxf6+ gxf6 9. Bh6 Re8 10. Bxe6 fxe6 11. Nd4 Qe7 12. Qg4+ Kh8 13. Nxe6 1-0

[Event "Open de Louviers"]
[Site "Louviers"]
[Date "2004.05.31"]
[Round "6"]
[White "Totain, Christian"]
[Black "Delengaigne, Gregory"]
[Result "1-0"]
[WhiteElo "1450"]
[BlackElo "1170"]
[PlyCount "45"]

1. d4 d5 2. c4 dxc4 3. e3 Bf5 4. Bxc4 e6 5. Nf3 Bd6 6. Bd3 Bxd3 7. Qxd3 Nf6 8.
Nc3 Nc6 9. O-O Nb4 10. Qe2 c5 11. Rd1 cxd4 12. Rxd4 Qb6 13. a3 e5 14. Rd1 Na6
15. b4 O-O 16. Bb2 e4 17. Nd4 Be5 18. Qc2 Bxd4 19. Rxd4 Rad8 20. Nxe4 Nxe4 21.
Qxe4 Rxd4 22. Qxd4 Qc7 23. Qxg7# 1-0

[Event "Open de Louviers"]
[Site "Louviers"]
[Date "2004.05.31"]
[Round "6"]
[White "Vallobra, Pierre"]
[Black "Benchara, Sara"]
[Result "1-0"]
[WhiteElo "1410"]
[BlackElo "1160"]
[PlyCount "75"]

1. e4 e5 2. Nf3 Nf6 3. Nxe5 Nxe4 4. Qe2 Bd6 5. Qxe4 Bxe5 6. Qxe5+ Qe7 7. Qxe7+
Kxe7 8. Bc4 Re8 9. O-O Kf8 10. d4 d5 11. Bxd5 Bd7 12. Bd2 Bb5 13. Re1 Rxe1+ 14.
Bxe1 Na6 15. Nc3 Nb4 16. Nxb5 Nxd5 17. c4 Nf4 18. Nxc7 Re8 19. Nxe8 Kxe8 20.
Bb4 Nd3 21. a3 Nf4 22. Re1+ Kd8 23. Re7 Ng6 24. Rxf7 Ke8 25. Rxg7 Nf8 26. Rg8
Kf7 27. Rxf8+ Kg7 28. h4 b6 29. g4 a5 30. Be7 b5 31. cxb5 a4 32. b6 Kg6 33. b7
h6 34. b8=Q Kg7 35. Qe5+ Kg6 36. g5 Kh7 37. Rf7+ Kg8 38. Qg7# 1-0

[Event "Open de Louviers"]
[Site "Louviers"]
[Date "2004.05.31"]
[Round "6"]
[White "Arinal, Serge"]
[Black "Blaise, Geoffrey"]
[Result "0-1"]
[WhiteElo "1420"]
[BlackElo "1280"]
[PlyCount "70"]

1. b3 Nc6 2. Bb2 e5 3. e3 d5 4. g3 Nf6 5. Bg2 e4 6. Ne2 Bg4 7. O-O Be7 8. d3
O-O 9. Re1 Qd6 10. Nd2 exd3 11. cxd3 Nb4 12. Nf3 c5 13. d4 b6 14. Qd2 Ne4 15.
Qd1 Rac8 16. Ne5 Bf5 17. a3 Nc6 18. Nxc6 Rxc6 19. b4 Bf6 20. f3 Ng5 21. dxc5
bxc5 22. Bxf6 Qxf6 23. Qxd5 Rd8 24. Qc4 Be6 25. Qc2 Nxf3+ 26. Bxf3 Qxf3 27. Nf4
Bg4 28. bxc5 Re8 29. Qc3 g5 30. Ng2 Bh3 31. Ra2 Qd5 32. Rc2 Rec8 33. Rf1 Rxc5
34. Qf6 Rxc2 35. e4 Rxg2+ 0-1

[Event "Open de Louviers"]
[Site "Louviers"]
[Date "2004.05.31"]
[Round "6"]
[White "Voegele, Francois-Marie"]
[Black "Divry, Sylvie"]
[Result "0-1"]
[WhiteElo "1499"]
[BlackElo "1250"]
[PlyCount "72"]

1. e4 e5 2. Nc3 Nc6 3. Bc4 Bc5 4. d3 d6 5. Be3 Nd4 6. Nf3 Nf6 7. O-O O-O 8. Qd2
Bg4 9. h3 Nxf3+ 10. gxf3 Bxf3 11. Bg5 Qd7 12. Kh2 Ng4+ 13. Kg3 Nh2 14. Kxh2 c6
15. Kg3 Bh5 16. Kh4 d5 17. Bb3 f6 18. Be3 Be7 19. Rh1 Bg6 20. exd5 f5+ 21. Kg3
f4+ 22. Bxf4 Kh8 23. Bxe5 Qf5 24. Bd4 Bd6+ 25. Kg2 Rae8 26. Rae1 Qf3+ 27. Kg1
Bf4 28. Bxg7+ Kxg7 29. Rxe8 Bxd2 30. Rxf8 Kxf8 31. Ne4 Bf4 32. dxc6 bxc6 33.
Ba4 Bf5 34. Bxc6 Bxh3 35. Ng3 Qxc6 36. Kh2 Qg2# 0-1

[Event "Open de Louviers"]
[Site "Louviers"]
[Date "2004.05.31"]
[Round "6"]
[White "Mougin, Loic"]
[Black "Zakoski, Thomas"]
[Result "1/2-1/2"]
[WhiteElo "1240"]
[BlackElo "1199"]
[PlyCount "90"]

1. e4 e5 2. Nf3 Nc6 3. Bb5 d5 4. Bxc6+ bxc6 5. exd5 cxd5 6. Nxe5 Be6 7. d4 f6
8. Nf3 Bg4 9. h3 Bxf3 10. Qxf3 Ne7 11. Nc3 Nc6 12. Be3 Bb4 13. O-O O-O 14.
Qxd5+ Qxd5 15. Nxd5 Bd6 16. Bf4 Bxf4 17. Nxf4 Nxd4 18. Rac1 Rab8 19. c3 g5 20.
cxd4 gxf4 21. Rxc7 Rxb2 22. Rxa7 Rd2 23. Ra4 Rd8 24. g3 fxg3 25. fxg3 Rd3 26.
Kg2 R8xd4 27. Rxd4 Rxd4 28. Rxf6 Rd2+ 29. Rf2 Rd3 30. h4 Kg7 31. g4 Kg6 32. Kg1
Ra3 33. Kf1 h5 34. g5 Ra4 35. Rh2 Kf5 36. Rf2+ Kg6 37. Rh2 Rg4 38. a3 Kf5 39.
Rg2 Rxh4 40. g6 Rf4+ 41. Rf2 Rxf2+ 42. Kxf2 Kxg6 43. Kg3 Kf6 44. Kh4 Ke6 45.
Kxh5 Kd5 1/2-1/2

[Event "Open de Louviers"]
[Site "Louviers"]
[Date "2004.05.31"]
[Round "7"]
[White "Bidon, Sebastien"]
[Black "Bacon, Nicolas"]
[Result "1/2-1/2"]
[WhiteElo "1499"]
[BlackElo "2100"]
[PlyCount "141"]

1. d4 Nf6 2. Bg5 c5 3. Bxf6 gxf6 4. c3 Qb6 5. Qc2 cxd4 6. cxd4 Nc6 7. e3 d6 8.
Nd2 Bd7 9. Rc1 Bh6 10. Ngf3 f5 11. g3 e6 12. Be2 d5 13. O-O O-O 14. a3 Rac8 15.
Qb1 Ne7 16. Rxc8 Rxc8 17. Rc1 Bb5 18. Bf1 Bxf1 19. Nxf1 f6 20. Rxc8+ Nxc8 21.
Qc2 Nd6 22. N1d2 Kf7 23. Ne1 Qd8 24. Qa4 a6 25. Kf1 Qc8 26. Nd3 b6 27. Qb4 Qc6
28. Ke2 Bf8 29. Qb3 Be7 30. Nb4 Qb5+ 31. Nd3 Qxb3 32. Nxb3 Nc4 33. Nd2 b5 34.
Kd1 Ke8 35. Kc2 Kd7 36. Nb3 a5 37. Nd2 Bd6 38. Nb3 e5 39. Ndc5+ Ke7 40. Nd3 Kf7
41. h3 Kg6 42. Ndc5 h5 43. h4 f4 44. gxf4 exf4 45. e4 dxe4 46. Nxe4 Be7 47. f3
Ne3+ 48. Kd3 a4 49. Nbc5 f5 50. Nc3 Bxh4 51. d5 Be7 52. Ne6 Ng2 53. Ke2 h4 54.
Kf2 h3 55. Kg1 Kf6 56. Kh2 Ke5 57. Kxh3 Ne1 58. Nxb5 Nd3 59. Nc3 Nxb2 60. Nc7
Bxa3 61. Kh4 Bb4 62. Ne2 Bd6 63. Nb5 Be7+ 64. Kh5 Kxd5 65. Kg6 Kc4 66. Nbc3 Kb3
67. Kxf5 Bd6 68. Nxa4 Nxa4 69. Nc1+ Kc3 70. Ne2+ Kd3 71. Nxf4+ 1/2-1/2

[Event "Open de Louviers"]
[Site "Louviers"]
[Date "2004.05.31"]
[Round "7"]
[White "Kurschat, Serge"]
[Black "Duverne, Jean-Marie"]
[Result "0-1"]
[WhiteElo "1499"]
[BlackElo "2090"]
[PlyCount "64"]

1. e4 e6 2. d4 d5 3. Nd2 Nf6 4. e5 Nfd7 5. Bd3 c5 6. c3 Nc6 7. Ne2 cxd4 8. cxd4
Qb6 9. Nf3 f6 10. exf6 Nxf6 11. O-O Bd6 12. Rb1 O-O 13. a3 Bd7 14. Bc2 e5 15.
dxe5 Nxe5 16. Nxe5 Bxe5 17. h3 Bb5 18. a4 Bxe2 19. Qxe2 Rae8 20. Qd1 Kh8 21. b3
Bd4 22. Qd2 Ne4 23. Bxe4 dxe4 24. Qe2 Rxf2 25. Rxf2 Rf8 26. Qxe4 Rxf2 27. Kh1
Rf1+ 28. Kh2 Bg1+ 29. Kg3 Qd6+ 30. Kg4 Qd7+ 31. Kg3 Bf2+ 32. Kf3 Bh4+ 0-1

[Event "Open de Louviers"]
[Site "Louviers"]
[Date "2004.05.31"]
[Round "7"]
[White "Gibson, John"]
[Black "Vincent, Didier"]
[Result "0-1"]
[WhiteElo "2020"]
[BlackElo "2150"]
[PlyCount "66"]

1. d4 d5 2. Nf3 Nf6 3. e3 e6 4. Bd3 Be7 5. Nbd2 O-O 6. O-O Nbd7 7. b3 b6 8. Bb2
Bb7 9. Re1 c5 10. Ne5 Nxe5 11. dxe5 Nd7 12. f4 f5 13. g4 g6 14. g5 Qc7 15. Be2
a6 16. h4 b5 17. h5 Kf7 18. h6 Rfd8 19. Bf3 Nb6 20. Qe2 Bc6 21. Qg2 Rac8 22.
Rad1 a5 23. c4 dxc4 24. e4 Rd3 25. exf5 exf5 26. e6+ Kg8 27. Be5 Qb7 28. Bxc6
Qxc6 29. bxc4 Qxg2+ 30. Kxg2 Rcd8 31. Bc7 Rxd2+ 32. Rxd2 Rxd2+ 33. Kf1 Nxc4 0-1

[Event "Open de Louviers"]
[Site "Louviers"]
[Date "2004.05.31"]
[Round "7"]
[White "Haudrechy, Daniel"]
[Black "Koumba Mounguengui, Jose Evrard"]
[Result "0-1"]
[WhiteElo "1930"]
[BlackElo "2090"]
[PlyCount "54"]

1. d4 Nf6 2. c4 g6 3. Nc3 Bg7 4. Nf3 d6 5. Bg5 Bg4 6. e3 Nbd7 7. Be2 c6 8. h3
Bxf3 9. Bxf3 O-O 10. Qc2 e5 11. O-O-O Qa5 12. dxe5 Nxe5 13. Be2 Nd3+ 14. Rxd3
Qxg5 15. Bf3 d5 16. h4 Qe5 17. cxd5 cxd5 18. Rhd1 Rac8 19. Kb1 Ne4 20. Bxe4
dxe4 21. Rd5 Qf6 22. g3 Qb6 23. Ka1 Rxc3 24. bxc3 Rc8 25. a4 Bf6 26. Rd6 Rxc3
27. Rxb6 Ra3+ 0-1

[Event "Open de Louviers"]
[Site "Louviers"]
[Date "2004.05.31"]
[Round "7"]
[White "Rouas, Yannick"]
[Black "Baron, Romuald"]
[Result "1-0"]
[WhiteElo "1710"]
[BlackElo "1950"]
[PlyCount "61"]

1. d4 d5 2. c4 c6 3. Nf3 Nf6 4. Nc3 a6 5. cxd5 cxd5 6. Bf4 Nc6 7. e3 Bg4 8. Be2
e6 9. O-O Bd6 10. Bg3 O-O 11. Rc1 Rc8 12. Ne1 Bxe2 13. Qxe2 b5 14. Nd3 Bxg3 15.
hxg3 Qd6 16. b3 Nd7 17. Rfd1 f5 18. Nf4 Nf6 19. a4 b4 20. Nb1 Na5 21. Nd2 Ne4
22. Nxe4 fxe4 23. Rxc8 Rxc8 24. Qb2 Rc3 25. Rc1 Rxb3 26. Rc8+ Kf7 27. Qe2 Rc3
28. Qh5+ Ke7 29. Qe8+ Kf6 30. Rd8 Qc7 31. Qxe6+ 1-0

[Event "Open de Louviers"]
[Site "Louviers"]
[Date "2004.05.31"]
[Round "7"]
[White "Baron, Daniel"]
[Black "Wielezynski, Olivier"]
[Result "1-0"]
[WhiteElo "2139"]
[BlackElo "1660"]
[PlyCount "95"]

1. d4 Nf6 2. c4 d5 3. cxd5 Qxd5 4. Nc3 Qd8 5. e4 e6 6. Nf3 c6 7. Bd3 Be7 8. O-O
h6 9. Qe2 Na6 10. a3 Nc7 11. Bf4 Nh5 12. Be3 Nf6 13. Rad1 b6 14. Ne5 Bb7 15. f4
Nd7 16. Qh5 Nxe5 17. fxe5 Rf8 18. d5 cxd5 19. exd5 Bxd5 20. Rxf7 Kd7 21. Rxg7
Kc6 22. Be4 Kb7 23. Qxh6 Rc8 24. Bg5 Bc5+ 25. Kh1 Qe8 26. Nxd5 exd5 27. Bxd5+
Kb8 28. Qc6 Qxc6 29. Bxc6 Rf2 30. b4 Bd4 31. Bf6 Rf8 32. h4 Be3 33. Rg3 Bh6 34.
Rgd3 Ne6 35. g3 Bg7 36. Bxg7 Nxg7 37. Rd7 Ne6 38. Rb7+ Kc8 39. Rxa7 R2f3 40.
Ra8+ Kc7 41. Rxf8 Rxf8 42. Rd7+ Kc8 43. Re7 Nc7 44. Kg2 Rd8 45. h5 Rd2+ 46. Kh3
Rd1 47. h6 Rh1+ 48. Bxh1 1-0

[Event "Open de Louviers"]
[Site "Louviers"]
[Date "2004.05.31"]
[Round "7"]
[White "Serano, Vincent"]
[Black "Duflot, Martial"]
[Result "1-0"]
[WhiteElo "1660"]
[BlackElo "1920"]
[PlyCount "59"]

1. d4 Nf6 2. Bf4 d6 3. e3 g6 4. Bd3 Bg7 5. Nd2 Nc6 6. c3 a6 7. Ngf3 b5 8. Ng5
Rb8 9. h4 Nh5 10. g4 Nxf4 11. exf4 Bb7 12. Rh3 e5 13. f5 exd4 14. fxg6 hxg6 15.
Qc2 Ne5 16. O-O-O Nxd3+ 17. Qxd3 c5 18. Re1+ Kf8 19. Re6 Bd5 20. Nxf7 Kxf7 21.
Qxg6+ Kf8 22. Qf5+ Kg8 23. Qxd5 Kh7 24. Ne4 Be5 25. Nxd6 Bf4+ 26. Kb1 Kg7 27.
Nf5+ Kf8 28. Qxc5+ Kf7 29. Re7+ Kg8 30. Rg7# 1-0

[Event "Open de Louviers"]
[Site "Louviers"]
[Date "2004.05.31"]
[Round "7"]
[White "Canu, Alban"]
[Black "Colard, Eric"]
[Result "1/2-1/2"]
[WhiteElo "1810"]
[BlackElo "1710"]
[PlyCount "82"]

1. e4 e5 2. Nf3 Nc6 3. Bb5 a6 4. Ba4 Nf6 5. O-O Be7 6. Re1 b5 7. Bb3 d6 8. c3
O-O 9. h3 Bb7 10. d4 Re8 11. d5 Nb8 12. Bc2 Bf8 13. Nbd2 Nbd7 14. b4 Nb6 15.
Nf1 c6 16. dxc6 Bxc6 17. Bg5 h6 18. Bh4 g6 19. N1h2 h5 20. Nd2 Bg7 21. Nhf3 Qc7
22. Rc1 Nh7 23. Bb3 Rac8 24. c4 bxc4 25. Nxc4 Nxc4 26. Bxc4 Bb7 27. Bd3 Qxc1
28. Qxc1 Rxc1 29. Rxc1 Rc8 30. Rxc8+ Bxc8 31. Be7 Bf8 32. Bd8 f5 33. Nd2 Kf7
34. f3 Nf6 35. a4 d5 36. exd5 Bxb4 37. Nc4 Nxd5 38. Nxe5+ Kg7 39. Nc6 Bc5+ 40.
Kf1 Ne3+ 41. Kg1 Ng4+ 1/2-1/2

[Event "Open de Louviers"]
[Site "Louviers"]
[Date "2004.05.31"]
[Round "7"]
[White "Drouineau, Olivier"]
[Black "Dallery, Christophe"]
[Result "1/2-1/2"]
[WhiteElo "1580"]
[BlackElo "1770"]
[PlyCount "112"]

1. d4 d5 2. c4 c6 3. Nf3 Nf6 4. Nc3 e6 5. e3 Nbd7 6. Qc2 Be7 7. Be2 O-O 8. O-O
dxc4 9. a4 Qc7 10. Bxc4 e5 11. dxe5 Nxe5 12. Nxe5 Qxe5 13. Be2 Bf5 14. Bd3 Bxd3
15. Qxd3 Rfd8 16. Qe2 Bd6 17. f4 Qc5 18. Kh1 Bc7 19. e4 Bb6 20. e5 Nd5 21. Nxd5
Rxd5 22. Ra3 Qb4 23. h3 Rad8 24. Kh2 a6 25. Qc2 Ba7 26. Qb3 Qe7 27. Qf3 Qe6 28.
Re1 Qf5 29. Qe4 Qxe4 30. Rxe4 Rd1 31. Rc3 Kf8 32. f5 Bb8 33. Bf4 Rf1 34. Kg3
Rd5 35. Kg4 h5+ 36. Kg5 Rf2 37. Kxh5 Rxf4 38. Rxf4 Bxe5 39. Rcf3 Bxf4 40. Rxf4
Rd2 41. Rb4 b5 42. axb5 axb5 43. g4 Ke7 44. g5 Rd5 45. h4 Rxf5 46. Rb3 Kd6 47.
Kg4 Rf1 48. Rd3+ Kc7 49. h5 c5 50. Re3 Kd7 51. h6 gxh6 52. gxh6 Rg1+ 53. Rg3
Rh1 54. Kg5 Ke7 55. Rg4 f5 56. Rf4 Ke6 1/2-1/2

[Event "Open de Louviers"]
[Site "Louviers"]
[Date "2004.05.31"]
[Round "7"]
[White "Bordelet, Louis"]
[Black "Vine, Guillaume"]
[Result "1-0"]
[WhiteElo "1760"]
[BlackElo "1620"]
[PlyCount "67"]

1. e4 e5 2. Nf3 Nc6 3. Bb5 a6 4. Ba4 b5 5. Bb3 Nf6 6. O-O Bc5 7. c3 d6 8. d3
O-O 9. h3 Bd7 10. Bg5 Kh8 11. Re1 Bb6 12. Nbd2 h6 13. Bh4 Na5 14. Bc2 Qc8 15.
Nf1 Nh7 16. Ne3 Bxe3 17. Rxe3 f5 18. exf5 Bxf5 19. Bg3 Nf6 20. Nh4 Nd5 21. Re1
Be6 22. Ng6+ Kh7 23. d4 Bf5 24. Nxf8+ Qxf8 25. dxe5 Bxc2 26. Qxc2+ Kh8 27. exd6
cxd6 28. Rad1 Nf4 29. Qd2 Nh5 30. Bxd6 Qf7 31. b3 Rd8 32. Qe2 Rg8 33. Qe7 Qg6
34. Qc7 1-0

[Event "Open de Louviers"]
[Site "Louviers"]
[Date "2004.05.31"]
[Round "7"]
[White "Pizzo, Simon"]
[Black "Varin, Joel"]
[Result "1-0"]
[WhiteElo "1440"]
[BlackElo "1710"]
[PlyCount "59"]

1. e4 Nf6 2. e5 Nd5 3. d4 d6 4. Nf3 g6 5. c4 Nb6 6. Nc3 Bg7 7. b3 O-O 8. h3
N8d7 9. Bf4 Re8 10. Be2 dxe5 11. dxe5 Nf8 12. Qd2 Bf5 13. Rd1 c6 14. Nd4 Be6
15. Bg4 f5 16. Bf3 Nbd7 17. h4 h5 18. O-O a5 19. Rfe1 Qc7 20. Bxh5 gxh5 21. Bh6
Bxh6 22. Qxh6 Nc5 23. Re3 Bf7 24. Rg3+ Bg6 25. Nxf5 Qxe5 26. Rxg6+ Nxg6 27.
Qxg6+ Kh8 28. Qxh5+ Kg8 29. Nh6+ Kh7 30. Qxe5 1-0

[Event "Open de Louviers"]
[Site "Louviers"]
[Date "2004.05.31"]
[Round "7"]
[White "Gaebel, Cedric"]
[Black "Vine, Thibaut"]
[Result "0-1"]
[WhiteElo "1300"]
[BlackElo "1690"]
[PlyCount "80"]

1. d4 Nf6 2. Nc3 g6 3. Nf3 Bg7 4. e3 d6 5. Bd2 O-O 6. Be2 Nbd7 7. O-O b6 8. e4
Bb7 9. Bd3 Re8 10. Re1 e5 11. d5 Nc5 12. Bg5 Bc8 13. Bxf6 Qxf6 14. Bb5 Rf8 15.
Bc6 Bb7 16. Bxb7 Nxb7 17. Nb5 Qe7 18. Qd2 a6 19. Nc3 Nc5 20. Qg5 Qxg5 21. Nxg5
f6 22. Ne6 Nxe6 23. dxe6 Rfe8 24. Nd5 Rac8 25. e7 b5 26. Rac1 c6 27. Nb6 Rb8
28. Nd7 Rb7 29. Nf8 Rexe7 30. Nxg6 hxg6 31. Red1 Red7 32. Rd2 Bh6 33. Rcd1 Bxd2
34. Rxd2 d5 35. exd5 Rxd5 36. Rxd5 cxd5 37. b3 Rc7 38. a4 Rxc2 39. h3 d4 40.
axb5 axb5 0-1

[Event "Open de Louviers"]
[Site "Louviers"]
[Date "2004.05.31"]
[Round "7"]
[White "Leguillon, David"]
[Black "Vine, Romain"]
[Result "0-1"]
[WhiteElo "1620"]
[BlackElo "1430"]
[PlyCount "78"]

1. d4 Nf6 2. Nf3 g6 3. e3 Bg7 4. Bd3 Nc6 5. c3 d6 6. Qc2 O-O 7. Nbd2 Re8 8. O-O
e5 9. dxe5 Nxe5 10. Nxe5 dxe5 11. e4 b6 12. Nf3 Bb7 13. Be3 Qd6 14. Rad1 Qc6
15. a4 a6 16. Nd2 Rad8 17. f3 Nd7 18. Qb3 Nc5 19. Bxc5 Qxc5+ 20. Kh1 Rxd3 21.
f4 Red8 22. fxe5 Qe7 23. e6 Qxe6 24. Qxe6 fxe6 25. a5 Rxd2 26. Rb1 Bxe4 27. Rg1
Bxb1 28. axb6 cxb6 29. h4 Be5 30. Rf1 Rd1 31. Kg1 Bh2+ 32. Kxh2 Rxf1 33. h5 Rf2
34. hxg6 Bxg6 35. b4 Rdd2 36. b5 a5 37. c4 Rxg2+ 38. Kh3 Rg1 39. c5 Bf5+ 0-1

[Event "Open de Louviers"]
[Site "Louviers"]
[Date "2004.05.31"]
[Round "7"]
[White "Blaise, Geoffrey"]
[Black "Grenet, Dominique"]
[Result "0-1"]
[WhiteElo "1280"]
[BlackElo "1600"]
[PlyCount "128"]

1. e4 c5 2. Nf3 d6 3. Nc3 Nc6 4. d4 cxd4 5. Nxd4 e6 6. Bb5 Bd7 7. O-O Be7 8.
Re1 Nf6 9. Be3 O-O 10. Nxc6 bxc6 11. Bd3 e5 12. Qf3 Bg4 13. Qg3 Re8 14. h3 Be6
15. Be2 g6 16. Bg4 Bxg4 17. hxg4 Bf8 18. f3 d5 19. Bg5 Bg7 20. Kf2 Qb6+ 21. Re3
Qxb2 22. Rh1 Qxc2+ 23. Ne2 d4 24. Ra3 d3 25. Rxd3 Qxd3 26. Qh4 Qd8 27. Nc1 c5
28. Bh6 Bxh6 29. Qxh6 Re6 30. Kg3 Qf8 31. g5 Nh5+ 32. Kg4 Qxh6 33. gxh6 Nf4 34.
g3 Ng2 35. Nb3 Ne3+ 36. Kh3 c4 37. Re1 Nc2 38. Rc1 Na3 39. Nc5 Rc6 40. Nd7 f6
41. Kg4 Kf7 42. f4 Ke7 43. fxe5 Kxd7 44. exf6 Rxf6 45. Rc3 Rc8 46. Rxa3 Rc7 47.
Rc3 Ke6 48. a4 Ke5 49. a5 Kd4 50. Rc1 c3 51. a6 Kd3 52. e5 Rxa6 53. Kh4 Kd2 54.
Rh1 c2 55. e6 Rxe6 56. g4 c1=Q 57. Rxc1 Rxc1 58. Kg5 Rf1 59. Kh4 Re4 60. Kg5
Re5+ 61. Kh4 g5+ 62. Kh3 Re3+ 63. Kg2 Rff3 64. Kg1 Re2 0-1

[Event "Open de Louviers"]
[Site "Louviers"]
[Date "2004.05.31"]
[Round "7"]
[White "Lebert, Eric"]
[Black "Totain, Christian"]
[Result "1/2-1/2"]
[WhiteElo "1490"]
[BlackElo "1420"]
[PlyCount "70"]

1. e4 e5 2. Nf3 Nc6 3. Bb5 d6 4. h3 a6 5. Ba4 Nf6 6. d3 Bd7 7. c3 Be7 8. Bc2
O-O 9. O-O Ne8 10. Re1 Kh8 11. Nbd2 f5 12. exf5 Bxf5 13. Ne4 Nf6 14. Ng3 Bd7
15. d4 exd4 16. Nxd4 Nxd4 17. Qxd4 Re8 18. Bd2 Bf8 19. Rxe8 Qxe8 20. Re1 Qf7
21. Ne4 Nxe4 22. Rxe4 Bc6 23. Rh4 Be7 24. Qd3 g6 25. Rf4 Qd5 26. Qd4+ Qxd4 27.
Rxd4 Bf6 28. Rf4 Bg5 29. Rd4 Bxd2 30. Rxd2 Re8 31. Bb3 Re7 32. f3 Kg7 33. Kf2
Kf6 34. Bd5 Bxd5 35. Rxd5 b6 1/2-1/2

[Event "Open de Louviers"]
[Site "Louviers"]
[Date "2004.05.31"]
[Round "7"]
[White "Bordelet, Arthur"]
[Black "Vallobra, Pierre"]
[Result "1-0"]
[WhiteElo "1410"]
[BlackElo "1410"]
[PlyCount "67"]

1. e4 e5 2. Nf3 Nc6 3. d4 exd4 4. Nxd4 Bc5 5. Be3 Nf6 6. Nxc6 bxc6 7. Bxc5 Nxe4
8. Bd4 Qe7 9. Be2 O-O 10. O-O d5 11. Nc3 Nxc3 12. Bxc3 Qg5 13. Kh1 Bd7 14. Re1
Rae8 15. Bb4 h6 16. Bxf8 Rxf8 17. Ba6 Qf6 18. c3 Qxf2 19. Qe2 Qf6 20. Rf1 Qd8
21. Rf4 Qg5 22. Raf1 Qd8 23. Qf2 Qe7 24. h3 Be6 25. a3 c5 26. Bd3 c4 27. Bc2 a5
28. Bf5 c6 29. Re1 Re8 30. Qb6 Qd6 31. Rd4 Kf8 32. Bxe6 Rxe6 33. Rxe6 Qxe6 34.
Qd8+ 1-0

[Event "Open de Louviers"]
[Site "Louviers"]
[Date "2004.05.31"]
[Round "7"]
[White "Becrit, Guy"]
[Black "Ababsa, Tufek"]
[Result "0-1"]
[WhiteElo "1240"]
[BlackElo "1770"]
[PlyCount "65"]

1. d4 d6 2. e4 Nd7 3. Nf3 e5 4. Nc3 c6 5. Bc4 Be7 6. O-O Ngf6 7. h3 Qc7 8. d5
h6 9. Qd2 g5 10. Nh2 Nf8 11. Re1 Ng6 12. Qe2 Bd7 13. Ng4 Nh5 14. g3 Qb6 15. Qe3
Qc7 16. Qf3 Qc8 17. dxc6 Qxc6 18. Qxf7+ Kd8 19. Qf3 Rf8 20. Qe2 Nf6 21. Bb5 Qc7
22. Kg2 Nxg4 23. hxg4 Rb8 24. Bd3 Qc8 25. f3 Rh8 26. Rh1 Kc7 27. b3 Rh7 28. Be3
Qh8 29. Rh2 h5 30. Bf2 Qf6 31. Qe3 Ra8 32. a4 Rf7 33. Be2 {Suite illisible} 0-1

[Event "Open de Louviers"]
[Site "Louviers"]
[Date "2004.05.31"]
[Round "7"]
[White "Lambard, Charles-Antoine"]
[Black "Abra, Mohammed"]
[Result "0-1"]
[WhiteElo "1199"]
[BlackElo "1499"]
[PlyCount "126"]

1. d4 d5 2. c4 e6 3. e3 Nf6 4. Nc3 Nc6 5. Bd2 Bd7 6. a3 b6 7. Nf3 Bd6 8. Qc2 a6
9. Rc1 O-O 10. Bd3 Re8 11. O-O Qe7 12. Na4 e5 13. cxd5 e4 14. dxc6 exd3 15.
Qxd3 Bg4 16. Ne1 Bh5 17. b4 b5 18. Nb2 Qe6 19. Ra1 Bg6 20. Qe2 Nd5 21. Bc1 Nc3
22. Qd2 Nd5 23. Nbd3 Bf5 24. Nc5 Qh6 25. g3 Nf6 26. h4 Bh3 27. e4 Qxd2 28. Bxd2
Bxf1 29. Kxf1 Bxc5 30. dxc5 Rxe4 31. a4 Ree8 32. axb5 axb5 33. Rxa8 Rxa8 34.
Nd3 Rd8 35. Ke2 Re8+ 36. Kf3 Nd5 37. Bf4 f6 38. g4 h6 39. Bd2 g5 40. hxg5 fxg5
41. Kg3 Kf7 42. f4 Kf6 43. fxg5+ hxg5 44. Nc1 Re4 45. Nd3 Rd4 46. Bxg5+ Kxg5
47. Ne1 Rxb4 48. Nf3+ Kg6 49. Ne5+ Kg7 50. Kh4 Nf6 51. Kg5 Rd4 52. Kf5 b4 53.
g5 Nd5 54. g6 b3 55. Ke6 b2 56. Nc4 b1=Q 57. Nb6 Qxg6+ 58. Kd7 Qf5+ 59. Kd8
Qf8+ 60. Kd7 Qb8 61. Ke6 Qe8+ 62. Kf5 Qe4+ 63. Kg5 Qg6# 0-1

[Event "Open de Louviers"]
[Site "Louviers"]
[Date "2004.05.31"]
[Round "7"]
[White "Delengaigne, Gregory"]
[Black "Frigere, Guy"]
[Result "0-1"]
[WhiteElo "1170"]
[BlackElo "1380"]
[PlyCount "108"]

1. e4 e5 2. Nf3 Nc6 3. Bc4 Nf6 4. Nc3 Bc5 5. d3 h6 6. O-O d6 7. Qe2 Bg4 8. Be3
Bb6 9. Bxb6 axb6 10. Qe3 Qd7 11. Rfe1 O-O 12. h3 Bh5 13. Nh4 Ra7 14. Bd5 Nd4
15. Rac1 c6 16. Bb3 b5 17. Nf5 Nxb3 18. cxb3 Rfa8 19. a3 c5 20. Nd5 Nxd5 21.
exd5 Bg6 22. Nh4 b6 23. b4 Qb7 24. bxc5 bxc5 25. b4 Rxa3 26. bxc5 Rxd3 27. Qe2
Qxd5 28. Nxg6 fxg6 29. c6 Rc8 30. c7 Rb3 31. Qa2 Rd3 32. Qxd5+ Rxd5 33. Rc2 Rc5
34. Rxc5 dxc5 35. Rxe5 Rxc7 36. Kf1 b4 37. Ke1 Kf7 38. Re3 g5 39. g4 c4 40. Kd1
b3 41. Rc3 Ke6 42. Kc1 Kd5 43. Kb2 Kd4 44. f3 Ra7 45. Rc1 Ra2+ 46. Kb1 c3 47.
Rd1+ Rd2 48. Rc1 Kd3 49. f4 gxf4 50. h4 c2+ 51. Ka1 Rd1 52. Kb2 Rxc1 53. Kxc1
Kc3 54. g5 b2# 0-1

[Event "Open de Louviers"]
[Site "Louviers"]
[Date "2004.05.31"]
[Round "7"]
[White "Medghoul, Bilal"]
[Black "Divry, Sylvie"]
[Result "1-0"]
[WhiteElo "1280"]
[BlackElo "1250"]
[PlyCount "73"]

1. e4 e5 2. Nf3 Nc6 3. Bc4 Nd4 4. d3 Bc5 5. Ng5 Ne6 6. Nxe6 dxe6 7. c3 h6 8.
Nd2 Nf6 9. b4 Bb6 10. a4 c5 11. a5 Bc7 12. bxc5 O-O 13. O-O g6 14. Nf3 Kg7 15.
Qd2 Rh8 16. d4 exd4 17. Qxd4 Bd7 18. a6 b6 19. cxb6 Bxb6 20. Qd3 Qe7 21. Ne5
Bc7 22. Nxd7 Nxd7 23. Rd1 Qh4 24. g3 Qh3 25. Qxd7 Rad8 26. Qa4 Rdf8 27. Bf1 Qg4
28. Be3 Qxe4 29. Qxe4 Re8 30. Bd4+ e5 31. Bxa7 h5 32. Qb7 Re7 33. Bc5 Re6 34.
Qxc7 Rhe8 35. a7 Ra8 36. Bb5 e4 37. Bc6 1-0